Daňová teorie a politika
Gespeichert in:
| 1. Verfasser: | |
|---|---|
| Format: | Buch |
| Sprache: | Tschechisch |
| Veröffentlicht: |
Praha
Eurolex Bohemia
2000
|
| Schlagworte: | |
| Tags: |
Keine Tags, Fügen Sie das erste Tag hinzu!
|
MARC
| LEADER | 00000nam a2200000 4500 | ||
|---|---|---|---|
| 001 | c123819 | ||
| 005 | 20221108074257.3 | ||
| 020 | |a 80-902752-2-2 | ||
| 041 | 0 | |a cze | |
| 044 | |a CZ | ||
| 245 | 1 | 0 | |a Daňová teorie a politika |c Květa Kubátová |
| 264 | 1 | |a Praha |b Eurolex Bohemia |c 2000 | |
| 300 | |a 225 s. | ||
| 610 | 2 | 0 | |a dane |
| 610 | 2 | 0 | |a politika daňová |
| 610 | 2 | 0 | |a teórie ekonomické |
| 610 | 2 | 0 | |a efektívnosť |
| 610 | 2 | 0 | |a stimuly |
| 610 | 2 | 0 | |a zdaňovanie |
| 100 | 1 | |a Kubátová, Květa | |